000 01930nam a2200469 c 4500
001 6858
003 ES-MaCES
005 20210406134352.0
008 980511s1998 sp d l ||| | spa d
017 _aB-2572-1998
_bDL
020 _a8488689985
035 _aCES19980069230m
040 _aES-MaCES
_bspa
_cES-MaCES
111 2 _aConferencias "El sistema público de pensiones: no hay crisis financiera, hay crisis de calidad"
_d1997
_cValencia
_9310
245 1 3 _aEl sistema público de pensiones
_b: presente y futuro
_cCarlos Ochando, Concha Salvador, M. Angeles Tortosa (eds.) ; prefacio de José María Fidalgo
250 _a1ª ed
260 _aAlzira (Valencia)
_bGermania
_c1998
300 _a151 p.
_bgráf.
_c21 cm
490 1 _aArcadia
_v5
500 _aCompila una serie de conferencias celebradas en Valencia durante los días 12 y 13 de junio de 1997, bajo el tít.: 'El sistema público de pensiones: no hay crisis financiera, hay crisis de calidad'
504 _aBibliografía: p. 150-151
541 _cGratuito
610 1 4 _aEspaña
_tLey de consolidación y racionalización del sistema de Seguridad Social
_d1997
_92909
650 4 _aseguridad social
_927034
650 4 _arégimen de pensión
_927042
650 4 _aprotección complementaria
_930466
650 4 _afinanciación de la seguridad social
_930265
650 4 _aEstado-Benefactor
_929481
650 4 _aEspaña
_926964
650 4 _amodelo económico
_927074
650 4 _aconferencia
_927013
650 4 _acuadros estadísticos
_928890
653 1 0 _aSeguridad Social
700 1 _aOchando Claramunt, Carlos
_eed. lit.
_919846
700 1 _aSalvador Cifre, Concha
_eed. lit.
_923125
700 1 _aTortosa, María Ángeles
_eed. lit.
_925093
700 1 _aFidalgo Velilla, José María
_ecol.
_912096
830 0 _aArcadia
_v5
_932915
902 _aLIB Libro
942 _2CES
_cBK
_h3.0.
999 _c6858
_d6858